Nicht anerkannte Länder, Territorien und andere Gebiete der Welt - Statistiken

Allgemein
  • Dieses Quiz wurde 328 mal gespielt
  • Das Durchschnittsergebnis liegt bei 26 aus 70
Antworten auf der Karte
Die Antworten werden auf der Karte rot bzw. grün angezeigt, abhängig davon wie oft sie richtig erraten wurden.
 
Antwortstatistiken
Name % Korrekt
Färöer-Inseln
69%
Grönland
69%
Bermuda
63%
Palästina
61%
Westsahara
59%
Falklandinseln
57%
Nordirland
55%
Gibraltar
54%
Schottland
54%
Svalbard und Jan Mayen
54%
Wales
54%
Weihnachtsinsel
54%
Cookinseln
52%
Amerikanische Jungferninseln
51%
Guam
51%
Nordzypern
51%
Britische Jungferninseln
50%
Hongkong
50%
Réunion
50%
Isle of Man
49%
Curaçao
48%
Puerto Rico
48%
Französisch-Polynesien
46%
Somaliland
46%
Französisch-Guayana
45%
Jersey
44%
Amerikanisch Samoa
43%
Antarktis
43%
Transnistrien
43%
Aruba
41%
Guernsey
39%
Kaimaninseln
39%
Neukaledonien
39%
Abchasien
38%
Macao
38%
Martinique
38%
Turks- und Caicosinseln
38%
Niue
37%
Åland
36%
Guadeloupe
36%
Kokosinsel
36%
Krim
36%
Nördliche Marianen
36%
Karibische Niederlande
34%
Kleinere Inselbesitzungen der Vereinigten Staaten
34%
Pitcairninseln
34%
Saint Martin
34%
Mayotte
33%
Saint Pierre und Miquelon
32%
Sint Maarten
32%
Südossetien
32%
Südgeorgien und die Südlichen Sandwichinseln
31%
Montserrat
29%
Norfolkinsel
29%
St. Helenas, Ascension und Tristan da Cunha
28%
Wallis und Futuna
28%
Anguilla
26%
Tokelau
23%
Britisches Territorium im Indischen Ozean
20%
Saint-Barthélemy
20%
Kaschmir
16%
Bouvetinsel
13%
Ceuta und Melilla
13%
Heard und die McDonaldinseln
13%
Französische Süd- und Antarktisgebiete
10%
Akrotiri und Dekelia
6%
Puntland
6%
Cabinda
5%
Juan de Nova
4%
Campione d’Italia
3%
Keine übereinstimmenden Quizze gefunden
Verteilung der Resultate
Anzahl Personen mit jedem Resultat
Perzentil nach korrekt beantworteten Fragen
Ihre Resultats-Entwicklung
Sie haben dieses Quiz noch nicht gespielt